000 02002cam a2200289 4500500
005 20260322002009.0
041 _afre
042 _adc
100 1 0 _aLabrouche, Geoffroy
_eauthor
700 1 0 _aLevy, Rachel
_eauthor
245 0 0 _a¿Es adecuada la innovación abierta para las ciudades medianas? El caso de 14 innovaciones abiertas en pequeñas y medianas empresas agroalimentarias del suroeste de Francia
260 _c2022.
500 _a23
520 _aEste artículo se centra en las prácticas de innovación abierta de las pymes situadas en ciudades de tamaño medio. En particular, se analiza el carácter intencional de estas prácticas, así como los tipos de alianzas utilizados en el marco de estas innovaciones a través de un estudio de caso de catorce innovaciones abiertas desarrolladas por diez pymes agroalimentarias situadas en ciudades medianas de la región de Occitania. Las características de las pymes y el hecho de estar ubicadas en una ciudad de tamaño medio influyen en los procesos de innovación. Estas innovaciones, tanto de producto como de proceso, suelen ser incrementales y se realizan en respuesta a la demanda. El papel del empresario también parece esencial en la aparición de estos procesos. Nuestro análisis muestra que estas pymes buscan acceder a una variedad conexa colaborando con la investigación pública en particular. Destaca el papel esencial de la proximidad social y geográfica temporal en el acceso a los recursos externos. Códigos JEL: O31, R11.
690 _aciudades medianas
690 _aindustria agroalimentaria
690 _ainnovación
690 _ainnovación abierta
690 _aPymes
690 _aAgri-food Industry
690 _aInnovation
690 _aKeywordSME
690 _aOpen innovation
690 _aSmall City
786 0 _nInnovations | 67 | 1 | 2022-01-07 | p. 103-134 | 1267-4982
856 4 1 _uhttps://shs.cairn.info/revista-innovations-2022-1-page-103?lang=es&redirect-ssocas=7080
999 _c1719646
_d1719646